[Event "12.PSF-A"]
[Site "Prague"]
[Date "2016.06.24"]
[Round "7.17"]
[White "Fiser, Jiri"]
[Black "Ruzicka, Filip"]
[Result "1-0"]
[WhiteElo "1981"]
[BlackElo "1570"]
[PlyCount "53"]
[EventDate "2016.06.25"]
[EventType "swiss"]
[EventRounds "9"]
[EventCountry "CZE"]

1. e4 c5 2. Nf3 a6 3. c3 Nc6 4. d4 cxd4 5. cxd4 e6 6. Nc3 Bb4 7. Bd3 Nge7 8.
O-O d5 9. e5 b5 10. a3 Ba5 11. Be3 Bb7 12. Rc1 Rc8 13. b4 Bb6 14. Ne2 Ng6 15.
Ng5 O-O 16. h4 h6 17. Bxg6 hxg5 18. Bxg5 Qd7 19. Bb1 Ne7 20. Qd3 g6 21. Bf6 Bd8
22. Qd2 Nf5 23. Bxf5 Bxf6 24. exf6 Kh7 25. Bd3 e5 26. dxe5 Qg4 27. Qg5 1-0

[Event "12.PSF-A"]
[Site "Prague"]
[Date "2016.06.24"]
[Round "7.18"]
[White "Mach, st. Petr"]
[Black "Ruzicka, Ondrej"]
[Result "0-1"]
[WhiteElo "1688"]
[BlackElo "1927"]
[PlyCount "124"]
[EventDate "2016.06.25"]
[EventType "swiss"]
[EventRounds "9"]
[EventCountry "CZE"]

1. d4 c5 2. Nf3 cxd4 3. Nxd4 d6 4. g3 g6 5. Bg2 Bg7 6. O-O Nf6 7. c3 O-O 8. Na3
a6 9. h3 Qc7 10. Be3 e5 11. Nf3 d5 12. Qd2 Rd8 13. Bh6 Bh8 14. Nc2 Nc6 15. Bg5
Be6 16. Rfd1 Rac8 17. Ne3 Rd7 18. Bxf6 Bxf6 19. Ng4 Bxg4 20. hxg4 e4 21. Nd4
Na5 22. g5 Nc4 23. Qc1 Bxd4 24. Rxd4 Rd6 25. Bh3 Rcd8 26. b3 Ne5 27. Qd2 Nc6
28. Ra4 d4 29. Rc1 dxc3 30. Qxc3 Qe7 31. Qe3 Nd4 32. Rac4 b5 33. Rc7 Qe8 34.
Rc8 Nc6 35. Rxd8 Rxd8 36. Bg2 Nd4 37. Bxe4 Qe5 38. Kf1 Re8 39. Bd3 Qxe3 40.
fxe3 Rxe3 41. Kf2 Re5 42. e3 Nf5 43. e4 Nd4 44. Rc8+ Kg7 45. Ke3 Ne6 46. b4
Rxg5 47. Kf2 Rh5 48. Kg2 Rg5 49. Kf2 Nd4 50. Ra8 h5 51. Rxa6 Re5 52. Rd6 Ne6
53. Rd5 Rxd5 54. exd5 Nd4 55. Ke3 Nf5+ 56. Kf4 Kf6 57. Bxb5 g5+ 58. Ke4 Nd6+
59. Kf3 Nxb5 60. a4 Nc3 61. b5 Nxa4 62. Ke4 Nc3+ 0-1

[Event "12.PSF-A"]
[Site "Prague"]
[Date "2016.06.24"]
[Round "7.19"]
[White "Veselsky, Jan"]
[Black "Hejsek, Lukas"]
[Result "0-1"]
[WhiteElo "1662"]
[BlackElo "1633"]
[PlyCount "100"]
[EventDate "2016.06.25"]
[EventType "swiss"]
[EventRounds "9"]
[EventCountry "CZE"]

1. d4 c5 2. d5 Nf6 3. c4 b5 4. Nd2 g6 5. Qc2 bxc4 6. e4 d6 7. Ngf3 Bg7 8. Bxc4
O-O 9. O-O Nbd7 10. h3 Rb8 11. Rb1 Qb6 12. Re1 Ne8 13. Bd3 Ba6 14. Nc4 Bxc4 15.
Bxc4 Ne5 16. Be2 Nc7 17. Nd2 Nb5 18. Bf1 Nd4 19. Qd1 Qa5 20. f4 Nd7 21. Bc4 Nb6
22. a3 Nxc4 23. Nxc4 Qb5 24. Nd2 Qd3 25. b4 Nc2 26. Re2 cxb4 27. Rb3 Qd4+ 28.
Kh1 Qc5 29. Nf3 Nxa3 30. Be3 Qa5 31. Ra2 Qc7 32. Bc1 Nb5 33. Rc2 Nc3 34. Qd3 a5
35. e5 dxe5 36. fxe5 Bxe5 37. Bd2 Bg7 38. Nd4 a4 39. Rb1 Qe5 40. Ne2 Rfd8 41.
Nf4 Qd4 42. Re1 Qxd3 43. Nxd3 Rxd5 44. Nxb4 Rxb4 45. Bxc3 Rc4 46. Re3 Rdc5 47.
Bxg7 Rxc2 48. Bh6 e5 49. Rd3 Rc8 50. Rd5 f6 0-1

[Event "12.PSF-A"]
[Site "Prague"]
[Date "2016.06.25"]
[Round "8.1"]
[White "Vichnar, David"]
[Black "Gregor, Jiri"]
[Result "1-0"]
[WhiteElo "2346"]
[BlackElo "2234"]
[PlyCount "49"]
[EventDate "2016.06.25"]
[EventType "swiss"]
[EventRounds "9"]
[EventCountry "CZE"]
[WhiteClock "0:39:02"]
[BlackClock "0:25:54"]

1. d4 d5 2. c4 c6 3. Nf3 Nf6 4. e3 e6 5. b3 Nbd7 6. Bd3 Be7 7. O-O O-O 8. Bb2
b6 9. Nc3 Bb7 10. Qc2 c5 11. cxd5 exd5 12. Ne5 Re8 13. f4 a6 14. g4 Nf8 15. g5
N6d7 16. Ng4 Rc8 17. Qg2 cxd4 18. exd4 Bd6 19. Ne2 Kh8 20. h4 Qe7 21. Ng3 Bb4
22. Nf5 Qe6 23. h5 g6 24. Nfh6 f5 25. gxf6 1-0

[Event "12.PSF-A"]
[Site "Prague"]
[Date "2016.06.25"]
[Round "8.2"]
[White "Matras, Ondrej"]
[Black "Ptacnikova, Lenka"]
[Result "1-0"]
[WhiteElo "2257"]
[BlackElo "2169"]
[PlyCount "67"]
[EventDate "2016.06.25"]
[EventType "swiss"]
[EventRounds "9"]
[EventCountry "CZE"]
[WhiteClock "0:03:42"]
[BlackClock "0:00:53"]

1. d4 d5 2. c4 dxc4 3. Nf3 Nf6 4. e3 e6 5. Bxc4 a6 6. O-O c5 7. b3 Nc6 8. Bb2
b5 9. Be2 Bb7 10. a4 b4 11. Nbd2 Be7 12. Rc1 cxd4 13. Nxd4 Nxd4 14. Bxd4 O-O
15. Nc4 Rc8 16. Bf3 Ne4 17. Qc2 f5 18. Rfd1 Bd5 19. Qb2 Bf6 20. Bxe4 fxe4 21.
Ne5 Qe7 22. h3 Qb7 23. Nc4 Qb8 24. a5 Qb5 25. Bxf6 gxf6 26. Nb6 Rxc1 27. Qxc1
Bxb3 28. Rd7 Qxa5 29. Qc6 Qa1+ 30. Kh2 Qe5+ 31. g3 a5 32. Ra7 Qf5 33. Kg1 Qf3
34. Qc7 1-0

[Event "12.PSF-A"]
[Site "Prague"]
[Date "2016.06.25"]
[Round "8.3"]
[White "Kulhanek, Tomas"]
[Black "Vardan, Nagpal"]
[Result "1-0"]
[WhiteElo "2367"]
[BlackElo "1864"]
[PlyCount "85"]
[EventDate "2016.06.25"]
[EventType "swiss"]
[EventRounds "9"]
[EventCountry "CZE"]
[WhiteClock "0:11:04"]
[BlackClock "0:11:40"]

1. e4 c5 2. Be2 Nc6 3. f4 e6 4. Nf3 d5 5. d3 dxe4 6. dxe4 Qxd1+ 7. Bxd1 b5 8.
a4 b4 9. Be3 Nf6 10. Nbd2 Bb7 11. a5 a6 12. Be2 Be7 13. Bd3 Nb8 14. Ne5 Nbd7
15. Nxd7 Nxd7 16. h3 Nf6 17. b3 O-O 18. g4 Nd7 19. g5 Rfe8 20. Rg1 Rad8 21. e5
Nb8 22. Ne4 Rc8 23. Nf6+ gxf6 24. gxf6+ Kh8 25. fxe7 Rxe7 26. Bf2 Nd7 27. Bh4
f6 28. O-O-O Rg8 29. exf6 Rf7 30. Rxg8+ Kxg8 31. Bc4 Bd5 32. Bxd5 exd5 33. Rxd5
Nxf6 34. Rxc5 Ne4 35. Rc8+ Kg7 36. Be1 Rxf4 37. Bxb4 Nf2 38. Bc3+ Kf7 39. Rc7+
Kg6 40. Rc6+ Kf7 41. Rxa6 h5 42. Rf6+ Rxf6 43. Bxf6 1-0

[Event "12.PSF-A"]
[Site "Prague"]
[Date "2016.06.25"]
[Round "8.4"]
[White "Kiss, Pal"]
[Black "Postupa, Pavel"]
[Result "1/2-1/2"]
[WhiteElo "2290"]
[BlackElo "2241"]
[PlyCount "33"]
[EventDate "2016.06.25"]
[EventType "swiss"]
[EventRounds "9"]
[EventCountry "CZE"]
[WhiteClock "1:29:56"]
[BlackClock "1:31:26"]

1. d4 Nf6 2. c4 g6 3. Nc3 d5 4. Bf4 Bg7 5. e3 O-O 6. Rc1 Be6 7. Nf3 dxc4 8. Ng5
Bd5 9. e4 h6 10. exd5 hxg5 11. Bxg5 Nxd5 12. Bxc4 Nb6 13. Bb3 Nc6 14. d5 Nd4
15. O-O Qd7 16. Re1 Rfe8 17. h4 1/2-1/2

[Event "12.PSF-A"]
[Site "Prague"]
[Date "2016.06.25"]
[Round "8.5"]
[White "Haba, Zdenek"]
[Black "Istona, Martin"]
[Result "1-0"]
[WhiteElo "2233"]
[BlackElo "2173"]
[PlyCount "70"]
[EventDate "2016.06.25"]
[EventType "swiss"]
[EventRounds "9"]
[EventCountry "CZE"]

1. d4 Nf6 2. c4 g6 3. Nc3 d5 4. cxd5 Nxd5 5. e4 Nxc3 6. bxc3 Bg7 7. Bg5 c5 8.
Rc1 h6 9. Be3 Qa5 10. Qd2 cxd4 11. cxd4 Qxd2+ 12. Kxd2 Nc6 13. d5 Na5 14. Rc7
Kd8 15. Rc2 f5 16. Bf4 b6 17. Bb5 Bd7 18. Bxd7 Kxd7 19. Rc7+ Kd8 20. exf5 Rf8
21. d6 Rxf5 22. dxe7+ Ke8 23. Ne2 Rd5+ 24. Ke3 Be5 25. Ke4 Bxc7 26. Kxd5 Bxf4
27. Nxf4 Kxe7 28. Rc1 Kf6 29. Rc7 Re8 30. Rxa7 Re5+ 31. Kd6 Nc4+ 32. Kc7 Kf5
33. g3 g5 34. Nd3 Ke4 35. Nxe5 Kd5 1-0

[Event "12.PSF-A"]
[Site "Prague"]
[Date "2016.06.25"]
[Round "8.7"]
[White "Doring, Robert"]
[Black "Bartos, Miroslav"]
[Result "1-0"]
[WhiteElo "2159"]
[BlackElo "1862"]
[PlyCount "105"]
[EventDate "2016.06.25"]
[EventType "swiss"]
[EventRounds "9"]
[EventCountry "CZE"]

1. e4 g6 2. d4 Bg7 3. Nf3 d6 4. Nc3 a6 5. a4 b6 6. Bc4 e6 7. O-O Bb7 8. Qe2 Ne7
9. Bg5 h6 10. Bxe7 Qxe7 11. Rfe1 O-O 12. h3 Nd7 13. Rad1 Kh7 14. h4 c5 15. h5
g5 16. Qd3 Kg8 17. d5 e5 18. g4 Bc8 19. Nh2 Nf6 20. f3 Qb7 21. Ra1 Bd7 22. b3
Rfb8 23. Qe2 Ne8 24. Nf1 Nc7 25. Ne3 Rc8 26. Bd3 Rab8 27. Ra2 b5 28. axb5 axb5
29. Rea1 b4 30. Ncd1 Nb5 31. Bxb5 Bxb5 32. Nc4 Ra8 33. Nde3 Rxa2 34. Rxa2 Ra8
35. Rxa8+ Qxa8 36. Qd1 Bf8 37. Qb1 Qa6 38. Kg2 Bg7 39. Qb2 Kf8 40. c3 bxc3 41.
Qxc3 Kg8 42. Qa5 Qxa5 43. Nxa5 Bd7 44. Nb7 Bf8 45. Nc4 Bb5 46. Nbxd6 Bxd6 47.
Nxd6 Ba6 48. Kf2 f6 49. Ke3 Kg7 50. Kd2 Be2 51. Nb7 c4 52. d6 cxb3 53. d7 1-0

[Event "12.PSF-A"]
[Site "Prague"]
[Date "2016.06.25"]
[Round "8.8"]
[White "Pochinkov, Andrey"]
[Black "Vystrcil, Martin"]
[Result "1-0"]
[WhiteElo "2125"]
[BlackElo "2033"]
[PlyCount "67"]
[EventDate "2016.06.25"]
[EventType "swiss"]
[EventRounds "9"]
[EventCountry "CZE"]

1. Nf3 Nf6 2. b3 g6 3. Bb2 Bg7 4. d4 d6 5. Nbd2 O-O 6. e4 Bg4 7. h3 Bxf3 8.
Qxf3 Nc6 9. Bb5 Nd7 10. c3 a6 11. Bd3 e5 12. d5 Ne7 13. g4 c6 14. Ba3 c5 15. h4
f6 16. h5 g5 17. Nc4 Qc7 18. O-O h6 19. b4 b5 20. Na5 Rfc8 21. c4 bxc4 22. Nxc4
Bf8 23. Rfc1 Kf7 24. Qe3 Ng8 25. Na5 Ne7 26. Rc2 Qa7 27. Rac1 cxb4 28. Qxa7
Rxa7 29. Bxb4 Rxc2 30. Rxc2 Ng8 31. Rc8 f5 32. gxf5 Ngf6 33. Nc6 Rb7 34. Nd8+
1-0

[Event "12.PSF-A"]
[Site "Prague"]
[Date "2016.06.25"]
[Round "8.9"]
[White "Martirosyan, Ara"]
[Black "Ayriyan, Bella"]
[Result "1/2-1/2"]
[WhiteElo "1767"]
[BlackElo "1858"]
[PlyCount "104"]
[EventDate "2016.06.25"]
[EventType "swiss"]
[EventRounds "9"]
[EventCountry "CZE"]

1. e4 c5 2. Nf3 Nc6 3. d4 cxd4 4. Nxd4 Nf6 5. Nc3 d6 6. Bc4 e6 7. O-O Be7 8. h3
O-O 9. Be3 a6 10. a4 Bd7 11. f4 d5 12. exd5 exd5 13. Nxd5 Nxd5 14. Bxd5 Nxd4
15. Qxd4 Bf6 16. Qb4 Bf5 17. c4 a5 18. Qd2 Qd7 19. Bd4 Bxd4+ 20. Qxd4 Be6 21.
Rad1 Qxa4 22. Bxe6 fxe6 23. Qe4 Qc6 24. Qxc6 bxc6 25. Rd6 Rab8 26. Rf2 c5 27.
Rxe6 Rb4 28. Re4 Rfb8 29. Rf3 Rxb2 30. Ra3 Rc2 31. f5 Ra8 32. g3 a4 33. Kf1 Rb2
34. Re2 Rb3 35. Rea2 Rb4 36. Rc3 Kf7 37. Ke2 Kf6 38. g4 h5 39. Kf3 hxg4+ 40.
hxg4 Rh8 41. Kf4 g5+ 42. fxg6 Rd8 43. Re2 Rd4+ 44. Re4 Rb3 45. Rc2 a3 46. Ra2
Rc3 47. Rxd4 cxd4 48. Ke4 d3 49. Kd4 Rc2 50. Rxa3 d2 51. Rd3 Kxg6 52. Ke3 Rxc4
1/2-1/2

[Event "12.PSF-A"]
[Site "Prague"]
[Date "2016.06.25"]
[Round "8.10"]
[White "Benes, Petr"]
[Black "Docekalova, Alexandra"]
[Result "1-0"]
[WhiteElo "2015"]
[BlackElo "1855"]
[PlyCount "42"]
[EventDate "2016.06.25"]
[EventType "swiss"]
[EventRounds "9"]
[EventCountry "CZE"]

1. g3 f5 2. Bg2 Nf6 3. c4 e5 4. Nc3 Be7 5. d3 O-O 6. Nf3 d6 7. O-O h6 8. Ne1 c6
9. Nc2 g5 10. f4 gxf4 11. gxf4 Kh7 12. Kh1 Rg8 13. e3 Qe8 14. Qf3 Be6 15. Bd2
Nbd7 16. h4 d5 17. Qe2 e4 18. cxd5 cxd5 19. Nd4 Qf7 20. Ncb5 exd3 21. Qxd3 Ne4
{Nebudu ty prasarny lustit, dale je 22.De2 a misto vidli Sf6 ... Bily vyhral v
38.tahu} 1-0

[Event "12.PSF-A"]
[Site "Prague"]
[Date "2016.06.25"]
[Round "8.11"]
[White "Aubrecht, Petr"]
[Black "Lhotsky, Zdenek"]
[Result "1-0"]
[WhiteElo "1890"]
[BlackElo "1684"]
[PlyCount "45"]
[EventDate "2016.06.25"]
[EventType "swiss"]
[EventRounds "9"]
[EventCountry "CZE"]

1. b3 e5 2. Bb2 Nc6 3. e3 Nf6 4. Nf3 e4 5. Nd4 Nxd4 6. Bxd4 d5 7. c4 c5 8. Bxf6
Qxf6 9. Nc3 dxc4 10. Bxc4 Qg6 11. Bd5 f5 12. g3 Rb8 13. f3 exf3 14. Qxf3 Bd6
15. Nb5 Be5 16. d4 Qb6 17. dxe5 Qa5+ 18. Kf2 Qxb5 19. Rhd1 Qb6 20. Bc4 Qc7 21.
Rd6 b5 22. Qh5+ Kf8 23. Rd8+ 1-0

[Event "12.PSF-A"]
[Site "Prague"]
[Date "2016.06.25"]
[Round "8.12"]
[White "Fabian, Jan"]
[Black "Hacaperka, Michal"]
[Result "1-0"]
[WhiteElo "1302"]
[BlackElo "1861"]
[PlyCount "77"]
[EventDate "2016.06.25"]
[EventType "swiss"]
[EventRounds "9"]
[EventCountry "CZE"]

1. d4 Nf6 2. c4 g6 3. Nc3 Bg7 4. g3 O-O 5. Bg2 d6 6. Qb3 Nbd7 7. Bg5 h6 8. Bd2
Re8 9. e4 e5 10. d5 Rb8 11. Qa3 a6 12. b4 b6 13. Nge2 a5 14. bxa5 Ra8 15. Qc1
Nc5 16. O-O Nh7 17. axb6 cxb6 18. Qb1 Ba6 19. Nb5 Bxb5 20. cxb5 Qd7 21. f3 Ra7
22. Rd1 Rea8 23. Nc1 Ra4 24. Re1 Nf8 25. Bf1 f5 26. Nd3 f4 27. Nb2 R4a7 28. Nc4
Qd8 29. a3 h5 30. Ra2 g5 31. Bb4 Bf6 32. Bxc5 bxc5 33. b6 Rb7 34. a4 Ra6 35.
Qb5 Raxb6 36. Nxb6 Rxb6 37. Qa5 Qb8 38. gxf4 exf4 39. Bd3 {Dalsi, co se neda
moc lustit. Bily vyhral v 51.tahu} 1-0

[Event "12.PSF-A"]
[Site "Prague"]
[Date "2016.06.25"]
[Round "8.13"]
[White "Janacek, Jaroslav"]
[Black "Giacometto, Mario"]
[Result "1-0"]
[WhiteElo "2008"]
[BlackElo "1906"]
[PlyCount "58"]
[EventDate "2016.06.25"]
[EventType "swiss"]
[EventRounds "9"]
[EventCountry "CZE"]

1. e4 e6 2. d4 d5 3. Nc3 Bb4 4. exd5 exd5 5. Bd3 Nc6 6. a3 Bxc3+ 7. bxc3 Nge7
8. Ne2 Bf5 9. Ng3 Bxd3 10. cxd3 Qd7 11. O-O O-O 12. Rb1 Rab8 13. Qh5 f5 14. Ne2
b5 15. Nf4 Rb6 16. Qe2 Nd8 17. Re1 Rf7 18. h4 Rh6 19. h5 Rhf6 20. a4 b4 21.
Rxb4 g5 22. hxg6 hxg6 23. Rb8 Nec6 24. Qe8+ Kh7 25. Qxd7 Rxd7 26. Rb5 Ne7 27.
Ba3 Ndc6 28. Kf1 a6 29. Rb7 Nc8 {Dale nevylusteno} 1-0

[Event "12.PSF-A"]
[Site "Prague"]
[Date "2016.06.25"]
[Round "8.14"]
[White "Pribylova, Sofie"]
[Black "Fiser, Jiri"]
[Result "0-1"]
[WhiteElo "1854"]
[BlackElo "1981"]
[PlyCount "102"]
[EventDate "2016.06.25"]
[EventType "swiss"]
[EventRounds "9"]
[EventCountry "CZE"]

1. d4 Nf6 2. Nf3 g6 3. c4 Bg7 4. Nc3 O-O 5. e4 d6 6. Be2 e5 7. O-O Nc6 8. d5
Ne7 9. Ne1 Ne8 10. Be3 f5 11. f3 f4 12. Bf2 Nf6 13. Nd3 g5 14. c5 h5 15. Rc1 a6
16. cxd6 cxd6 17. Na4 Rf7 18. Nb6 Rb8 19. Qc2 Ne8 20. Qb3 Bd7 21. Rc2 Ng6 22.
Rfc1 Bf8 23. Nb4 g4 24. Nxd7 Qxd7 25. Nxa6 Ra8 26. Bb5 Qe7 27. Bxe8 Rxe8 28.
Rc7 Qf6 29. Rxf7 Qxf7 30. Rc7 Re7 31. Qxb7 Rxc7 32. Qxc7 Qf6 33. Qc3 Nh4 34.
Bxh4 Qxh4 35. b4 Be7 36. a4 Bd8 37. a5 Qe7 38. b5 Qa7+ 39. Kf1 g3 40. hxg3 fxg3
41. Qd2 h4 42. Qc2 Kf7 43. f4 Bxa5 44. fxe5 Qe3 45. e6+ Kf6 46. Qb2+ Bc3 47.
e5+ dxe5 48. Qxc3 Qxc3 49. Ke2 e4 50. d6 Qd3+ 51. Ke1 e3 0-1

[Event "12.PSF-A"]
[Site "Prague"]
[Date "2016.06.25"]
[Round "8.15"]
[White "Ruzicka, Ondrej"]
[Black "Stojkovic, Andreja"]
[Result "1/2-1/2"]
[WhiteElo "1927"]
[BlackElo "1877"]
[PlyCount "30"]
[EventDate "2016.06.25"]
[EventType "swiss"]
[EventRounds "9"]
[EventCountry "CZE"]

1. e4 e5 2. Nf3 Nc6 3. d4 exd4 4. Nxd4 Bc5 5. Nxc6 Qf6 6. Qf3 dxc6 7. Qxf6 Nxf6
8. Bd3 O-O 9. O-O Re8 10. Nd2 Be6 11. Re1 Rad8 12. Nb3 Bxb3 13. axb3 Nxe4 14.
Be3 Bb4 15. Red1 Nc5 1/2-1/2

[Event "12.PSF-A"]
[Site "Prague"]
[Date "2016.06.25"]
[Round "8.16"]
[White "Hernandez, Yanez Javier"]
[Black "Pribyl, Viktor"]
[Result "1-0"]
[WhiteElo "1919"]
[BlackElo "1892"]
[PlyCount "123"]
[EventDate "2016.06.25"]
[EventType "swiss"]
[EventRounds "9"]
[EventCountry "CZE"]

1. d4 Nf6 2. Nf3 d5 3. Bf4 c5 4. c3 Bf5 5. Qb3 Qb6 6. dxc5 Qxb3 7. axb3 e6 8.
b4 Be7 9. Na3 O-O 10. Nb5 Nc6 11. Bd6 a6 12. Nbd4 Nxd4 13. Nxd4 Bxd6 14. Nxf5
Bxc5 15. bxc5 exf5 16. b4 Ne4 17. Rc1 a5 18. f3 Nf6 19. e3 Rfe8 20. Kd2 axb4
21. cxb4 Ra2+ 22. Rc2 Rxc2+ 23. Kxc2 Rxe3 24. Bd3 g6 25. Ra1 Re7 26. Ra8+ Kg7
27. Rd8 Rd7 28. Rxd7 Nxd7 29. Bb5 Nb8 30. Kd3 Kf6 31. Ba4 Ke5 32. b5 f4 33. Kc3
f5 34. Kb4 d4 35. Kc4 Nd7 36. b6 Nb8 37. c6 bxc6 38. Kc5 d3 39. Bxc6 Nxc6 40.
Kxc6 d2 41. b7 d1=Q 42. b8=Q+ Kf6 43. Qxf4 Qc2+ 44. Kd7 Qd3+ 45. Qd6+ Qxd6+ 46.
Kxd6 f4 47. Kd5 Kf5 48. Kd4 g5 49. Kd5 h5 50. h3 h4 51. Kc5 Ke5 52. Kc4 Ke6 53.
Kc3 Kf6 54. Kd4 Kg6 55. Ke5 Kh6 56. Kf6 Kh5 57. Kg7 g4 58. hxg4+ Kg5 59. Kf7 h3
60. gxh3 Kh4 61. g5 Kxg5 62. Ke6 1-0

[Event "12.PSF-A"]
[Site "Prague"]
[Date "2016.06.25"]
[Round "8.17"]
[White "Mach, Petr"]
[Black "Kunc, Jan"]
[Result "0-1"]
[WhiteElo "1699"]
[BlackElo "1770"]
[PlyCount "66"]
[EventDate "2016.06.25"]
[EventType "swiss"]
[EventRounds "9"]
[EventCountry "CZE"]

1. e4 c5 2. Nf3 e6 3. d4 cxd4 4. Nxd4 Nf6 5. Nc3 d6 6. Bg5 Be7 7. f4 a6 8. Qf3
Qc7 9. O-O-O Nbd7 10. g4 b5 11. Bxf6 Nxf6 12. g5 Nd7 13. Bh3 Nc5 14. b4 Nb7 15.
a3 Bd7 16. Rd3 Rc8 17. Nce2 a5 18. Rc3 Qb6 19. Rxc8+ Bxc8 20. Qc3 Bd7 21. bxa5
Nxa5 22. Kd2 O-O 23. Rb1 Rc8 24. Qb4 Rc4 25. Qb2 Rc5 26. Qb4 d5 27. exd5 Rxc2+
28. Kxc2 Bxb4 29. Rxb4 Qc5+ 30. Nc3 Nc4 31. dxe6 Qxd4 32. exd7 Qd2+ 33. Kb1
Nxa3+ 0-1

[Event "12.PSF-A"]
[Site "Prague"]
[Date "2016.06.25"]
[Round "8.18"]
[White "Ruzicka, Filip"]
[Black "Kozlova, Lucie"]
[Result "1-0"]
[WhiteElo "1570"]
[BlackElo "1636"]
[PlyCount "87"]
[EventDate "2016.06.25"]
[EventType "swiss"]
[EventRounds "9"]
[EventCountry "CZE"]

1. e4 e5 2. Nf3 Nc6 3. d4 exd4 4. c3 d5 5. exd5 Qxd5 6. cxd4 Bg4 7. Be3 Bb4+ 8.
Nc3 Nge7 9. a3 Bxc3+ 10. bxc3 O-O 11. c4 Qd7 12. Be2 Bf5 13. O-O Ng6 14. Qa4
Qd6 15. Rad1 Nf4 16. Rfe1 Nxe2+ 17. Rxe2 a6 18. Rde1 Na7 19. c5 Qd5 20. Bf4 Bd7
21. Qc2 Nb5 22. Re5 Qc6 23. d5 Qf6 24. Bg5 Qg6 25. Qxg6 fxg6 26. Re7 Rf7 27.
Rxf7 Kxf7 28. Re7+ Kf8 29. Rxd7 h6 30. Bf4 Nxa3 31. Rxc7 Nb5 32. Rxb7 Nc3 33.
Rb8+ Rxb8 34. Bxb8 Nxd5 35. c6 Ke8 36. Ne5 Kd8 37. Nxg6 Kc8 38. Be5 a5 39. Bxg7
Kc7 40. Bxh6 Kxc6 41. h4 a4 42. Bc1 Nc3 43. Bb2 Nd5 44. h5 1-0

[Event "12.PSF-A"]
[Site "Prague"]
[Date "2016.06.25"]
[Round "8.19"]
[White "Veselsky, Jan"]
[Black "Mach, st. Petr"]
[Result "1-0"]
[WhiteElo "1662"]
[BlackElo "1688"]
[PlyCount "117"]
[EventDate "2016.06.25"]
[EventType "swiss"]
[EventRounds "9"]
[EventCountry "CZE"]

1. d4 e6 2. c4 c5 3. Nf3 cxd4 4. Nxd4 a6 5. Nc3 Nc6 6. e4 Nf6 7. Be2 Be7 8. O-O
O-O 9. Be3 d6 10. a3 Bd7 11. Rc1 Rc8 12. f4 Nxd4 13. Bxd4 Bc6 14. Bf3 Nd7 15.
b4 b6 16. Be3 Qc7 17. Qe1 Bf6 18. b5 Bb7 19. Na4 a5 20. Qf2 Nc5 21. Nxc5 dxc5
22. Qg3 Bb2 23. Rcd1 e5 24. Rd3 Rfd8 25. Rfd1 Rxd3 26. Rxd3 f6 27. fxe5 Bxe5
28. Qh3 Rd8 29. Rxd8+ Qxd8 30. Qe6+ Kf8 31. Bh5 Qe7 32. Qxb6 Bd6 33. Bf3 f5 34.
Bg5 Bxh2+ 35. Kxh2 Qxg5 36. Qxc5+ Kg8 37. Qxf5 Qh4+ 38. Qh3 Qf4+ 39. Kg1 Qe3+
40. Kh2 Qf4+ 41. Qg3 Qh6+ 42. Kg1 Qe3+ 43. Qf2 Qc1+ 44. Qf1 Qe3+ 45. Kh2 Bxe4
46. Qe2 Qf4+ 47. Kg1 Qc1+ 48. Kf2 Qxa3 49. Qxe4 Qc5+ 50. Kf1 Kf8 51. Qd5 Qe3
52. Qe4 Qc1+ 53. Kf2 Qb2+ 54. Be2 Qf6+ 55. Qf3 a4 56. Qxf6+ gxf6 57. Bd1 a3 58.
Bb3 Ke7 59. Ke3 1-0

[Event "12.PSF-A"]
[Site "Prague"]
[Date "2016.06.26"]
[Round "9.1"]
[White "Haba, Zdenek"]
[Black "Matras, Ondrej"]
[Result "0-1"]
[WhiteElo "2233"]
[BlackElo "2257"]
[PlyCount "160"]
[EventDate "2016.06.25"]
[EventType "swiss"]
[EventRounds "9"]
[EventCountry "CZE"]
[WhiteClock "0:01:21"]
[BlackClock "0:02:11"]

1. e4 e6 2. d4 d5 3. e5 c5 4. c3 Qb6 5. Nf3 Bd7 6. a3 c4 7. Nbd2 Nc6 8. b4 a5
9. Bb2 Be7 10. g3 Nh6 11. Bg2 O-O 12. O-O f6 13. exf6 Rxf6 14. Qe2 Bd6 15. Ng5
Nf5 16. f4 Raf8 17. Ndf3 Rg6 18. Rae1 Nd8 19. Bc1 h6 20. Nh3 Rgf6 21. Nf2 Nc6
22. Ng4 R6f7 23. Nge5 Bxe5 24. fxe5 axb4 25. axb4 Na7 26. g4 Ne7 27. h4 Nb5 28.
Qc2 Be8 29. h5 Qa7 30. Kh2 Nc7 31. Be3 Ba4 32. Qd2 Bb3 33. Ra1 Qb8 34. Kg1 Nb5
35. Qb2 Nc6 36. Qc1 Ne7 37. Nd2 Rxf1+ 38. Bxf1 Qe8 39. Qb2 Nc7 40. Nxb3 cxb3
41. Be2 Nc8 42. Qxb3 Nb6 43. Rf1 Rxf1+ 44. Kxf1 Qd8 45. Kg2 Qh4 46. Qb1 Nc4 47.
Bf4 Qe7 48. Qd3 Qf7 49. Bc1 Nb5 50. Qg3 Kf8 51. g5 hxg5 52. Bxg5 Ke8 53. Bc1
Kd7 54. Bd3 Qxh5 55. Qxg7+ Kc6 56. Qg8 Nc7 57. Qf8 b6 58. Bxc4 dxc4 59. Qf4 Nd5
60. Qf8 Qe2+ 61. Kh3 Qd3+ 62. Kh4 Nc7 63. b5+ Kxb5 64. Qb4+ Kc6 65. Bg5 Kb7 66.
Qd6 Qe4+ 67. Kg3 Qg6 68. Kh4 Qe4+ 69. Kg3 Qc6 70. Be7 Nb5 71. Qb4 Nc7 72. Qd6
Nd5 73. Qa3 Qe8 74. Bf6 Qg6+ 75. Kf2 Qc2+ 76. Kf1 Qxc3 77. Qd6 Qd3+ 78. Ke1 c3
79. Qxe6 Qd2+ 80. Kf1 Ne3+ 0-1

[Event "12.PSF-A"]
[Site "Prague"]
[Date "2016.06.26"]
[Round "9.2"]
[White "Vichnar, David"]
[Black "Kiss, Pal"]
[Result "1-0"]
[WhiteElo "2346"]
[BlackElo "2290"]
[PlyCount "119"]
[EventDate "2016.06.25"]
[EventType "swiss"]
[EventRounds "9"]
[EventCountry "CZE"]
[WhiteClock "0:19:15"]
[BlackClock "0:06:38"]

1. Nf3 d5 2. c4 c6 3. d4 Nf6 4. e3 Bf5 5. Nc3 e6 6. Nh4 Be4 7. f3 Bg6 8. Qb3
Qb6 9. Nxg6 hxg6 10. Bd2 Nbd7 11. g3 Be7 12. O-O-O Qxb3 13. axb3 O-O-O 14. Kc2
a6 15. Bg2 Nb6 16. c5 Nbd7 17. h4 Rde8 18. b4 e5 19. dxe5 Nxe5 20. e4 d4 21.
Bh3+ Kb8 22. Bf4 Bd8 23. Rxd4 Bc7 24. Bg2 Nh5 25. Rh3 Rd8 26. Rxd8+ Rxd8 27.
Bxe5 Bxe5 28. f4 Bd4 29. Ne2 Be3 30. Bf3 Rd2+ 31. Kc3 Kc7 32. f5 Kd8 33. fxg6
fxg6 34. Bxh5 gxh5 35. Nf4 Bxf4 36. gxf4 Rf2 37. f5 Ke7 38. Rg3 Kf7 39. Rg5 Rf4
40. Rxh5 Rxe4 41. Rh8 Re7 42. Kb3 Kf6 43. Rf8+ Ke5 44. Ka4 Kd5 45. Ka5 Kc4 46.
h5 Kb3 47. f6 gxf6 48. Rxf6 Rh7 49. Rf3+ Kc4 50. Rh3 Rh6 51. Rh4+ Kd5 52. Kb6
Rh7 53. h6 Ke5 54. Rg4 Kd5 55. b3 Rxh6 56. Kxb7 Rh3 57. Rg5+ Ke6 58. Rg6+ Kd7
59. Rd6+ Ke7 60. Rxc6 1-0

[Event "12.PSF-A"]
[Site "Prague"]
[Date "2016.06.26"]
[Round "9.3"]
[White "Postupa, Pavel"]
[Black "Kulhanek, Tomas"]
[Result "0-1"]
[WhiteElo "2241"]
[BlackElo "2367"]
[PlyCount "66"]
[EventDate "2016.06.25"]
[EventType "swiss"]
[EventRounds "9"]
[EventCountry "CZE"]
[WhiteClock "0:39:20"]
[BlackClock "0:34:50"]

1. e4 g6 2. d4 Bg7 3. Nc3 d6 4. Be3 c6 5. Nf3 Nd7 6. Be2 Qc7 7. O-O Ngf6 8. h3
O-O 9. Qd2 Re8 10. a4 e5 11. d5 cxd5 12. Nb5 Qb8 13. exd5 a6 14. Nc3 b6 15. Nh2
Bb7 16. Ng4 Nxg4 17. hxg4 Qc7 18. Ne4 f5 19. gxf5 gxf5 20. Ng5 f4 21. Bh5 fxe3
22. Bf7+ Kh8 23. fxe3 Nf6 24. e4 Rf8 25. Be6 Bh6 26. Nf7+ Qxf7 27. Qxh6 Qg6 28.
Qh3 Nxe4 29. Bf5 Ng5 30. Qg4 Qg7 31. Ra3 Bxd5 32. Rg3 h6 33. Qh5 Rf6 0-1

[Event "12.PSF-A"]
[Site "Prague"]
[Date "2016.06.26"]
[Round "9.4"]
[White "Gregor, Jiri"]
[Black "Doring, Robert"]
[Result "1-0"]
[WhiteElo "2234"]
[BlackElo "2159"]
[PlyCount "71"]
[EventDate "2016.06.25"]
[EventType "swiss"]
[EventRounds "9"]
[EventCountry "CZE"]
[WhiteClock "0:33:11"]
[BlackClock "0:01:42"]

1. d4 Nf6 2. c4 g6 3. Nc3 Bg7 4. e4 d6 5. f3 O-O 6. Be3 Nbd7 7. Qd2 c5 8. O-O-O
cxd4 9. Bxd4 a6 10. Kb1 b6 11. h4 Bb7 12. h5 e5 13. Be3 Nxh5 14. Nge2 Nc5 15.
Qxd6 Rc8 16. g4 Nf6 17. Ng3 Qxd6 18. Rxd6 Rc6 19. Rd2 h5 20. gxh5 Nxh5 21. Nxh5
gxh5 22. Nd5 Re8 23. Rxh5 Rg6 24. Bh3 a5 25. Bf5 Rg3 26. Nxb6 Nxe4 27. Bh7+ Kf8
28. Rd7 Rxf3 29. Rf5 Rxf5 30. Bxf5 Ng3 31. Bh7 Be4+ 32. Bxe4 Nxe4 33. c5 f5 34.
c6 f4 35. Bg1 Nf6 36. Rd1 1-0